000 00688nam a2200229Ia 4500
003 OSt
005 20220124101542.0
008 210716s2003 xx 000 0 und d
020 _a0446691801
040 _cAIMIT LIBRARY
041 _aeng
082 _a332.02401
_21
_bKIYR
100 _aKiyosaki, Robert T.
_913207
245 _aRich Dads Success Stories :
_hby Robert T Kiyosaki.
250 _a[1st ed.]
260 _aNew York:
_bWarner books,
_c2003.
300 _axiii,228p.; 18 cm.
650 _aIts how you play the game.
_913208
650 _aNever too young to achieve financial success.
_913209
650 _aDifferent focus.
_913210
942 _2ddc
_cBK
_e1
_k332.02401 KIYR
999 _c202044
_d202044